000 00728nam a22001817a 4500
003 NUST
040 _a0
082 _a621.382,HUS
100 _aHusnain, Ahmer
_9118353
245 _aAdvance Food Grading System (AFG) /
_cAhmer Husnain, Alina Haider Syed, Muhammad Haseeb and Muhammad Saad Abdullah. (TCC-31 / BETE-56)
264 _aRawalpindi
_bMCS (NUST)
_c2023
300 _a56 p.;
505 _aIntroduction (Page-1), Literature Review (Page-15), Device Setup and Operation (Page-26), Result and Discussion (Page-38), Conclusion (Page-45), Future Work (Page-48).
650 _aUG EE Project
_9118090
690 _aTCC-31 / BETE-56
_9118237
700 _aSupervised by Dr. Muhammad Imran
_9132697
942 _2ddc
_cPR
999 _c603318
_d603318